[Event "CRO-Cup"]
[Site "Pula"]
[Date "2000.??.??"]
[Round "2"]
[White "Morovic Fernandez, Ivan"]
[Black "Tkachiev, Vladislav"]
[Result "1/2-1/2"]
[WhiteElo "2611"]
[BlackElo "2670"]
[PlyCount "44"]
[EventDate "2000.??.??"]
[Source "www.chesslib.no"]
[SourceDate "2004.05.04"]

1. e4 c5 2. Nf3 e6 3. d4 cxd4 4. Nxd4 a6 5. Bd3 g6 6. O-O Bg7 7. Nb3 d6 8. c4 Nf6 9. Nc3 O-O 10. Bf4 Nc6 11. Qd2 Re8 12. Be2 e5 13. Be3 a5 14. a4 Nd4 15. Nxd4 exd4 16. Bxd4 Nxe4 17. Nxe4 Rxe4 18. Bxg7 Kxg7 19. b3 Qf6 20. Rad1 Re7 21. Rfe1 Bf5 22. Bf3 Rae8 1/2-1/2

[Event "Liepaja rap"]
[Site "Liepaja"]
[Date "2001.08.02"]
[Round "1"]
[White "Shirov, Alexei"]
[Black "Kengis, Edvins"]
[Result "1-0"]
[WhiteElo "2706"]
[BlackElo "2572"]
[PlyCount "51"]
[EventDate "2001.08.02"]
[Source "ChessBase"]
[SourceDate "2001.11.13"]

1. e4 c5 2. Nf3 e6 3. d4 cxd4 4. Nxd4 a6 5. Bd3 g6 6. b3 Bg7 7. Bb2 Nf6 8. O-O d6 9. Nd2 O-O 10. a4 e5 11. N4f3 Nc6 12. Nc4 Be6 13. Re1 Nxe4 14. Bxe4 d5 15. Bxg6 dxc4 16. Be4 Qxd1 17. Raxd1 cxb3 18. Ng5 bxc2 19. Bxh7+ Kh8 20. Bxc2 Bc4 21. Re4 Bh6 22. Rh4 Kg7 23. Rxc4 Bxg5 24. Rg4 Kh6 25. Rd3 f5 26. Rh3+ 1-0

[Event "Linares"]
[Site "?"]
[Date "2000.??.??"]
[Round "?"]
[White "Dolmatov, S."]
[Black "Iordachescu, V."]
[Result "1-0"]
[WhiteElo "2615"]
[BlackElo "2560"]
[PlyCount "85"]
[EventDate "2000.??.??"]
[Source "Chess Informant"]
[SourceDate "1999.10.01"]

1. e4 c5 2. Nf3 e6 3. d4 cxd4 4. Nxd4 a6 5. Bd3 g6 6. c4 Bg7 7. Ne2 d5 8. cxd5 exd5 9. exd5 Qxd5 10. O-O Qd8 11. Nbc3 Nf6 12. Qa4+ Nbd7 13. Rd1 O-O 14. Be3 Ne5 15. Bc2 Bd7 16. Qh4 Rc8 17. Bb3 b5 18. Bg5 Qb6 19. Nf4 h6 20. Bxh6 Bxh6 21. Qxh6 Qxf2+ 22. Kxf2 Neg4+ 23. Kg1 Nxh6 24. Nxg6 Rfe8 25. Nf4 Nhg4 26. Ncd5 Nxd5 27. Rxd5 Ne5 28. Nd3 Nxd3 29. Rxd7 Ne5 30. Ra7 Rc6 31. Rf1 Rd8 32. h3 Rd2 33. Bxf7+ Nxf7 34. Rfxf7 Rcc2 35. Rg7+ Kf8 36. Rg5 Rxb2 37. Rxa6 Ke7 38. Kh2 b4 39. Rg7+ Kf8 40. Rg4 Kf7 41. h4 Rdc2 42. Rb6 Rd2 43. Kh3 1-0

[Event "37th Rilton Cup"]
[Site "Stockholm SWE"]
[Date "2008.01.04"]
[Round "8"]
[White "Kotronias, V."]
[Black "Cramling, P."]
[Result "1/2-1/2"]
[WhiteElo "2614"]
[BlackElo "2531"]
[PlyCount "123"]
[EventDate "2007.12.27"]
[Source "www.chesslib.no"]
[SourceDate "2004.05.04"]

1. e4 c5 2. Nf3 e6 3. d4 cxd4 4. Nxd4 a6 5. Bd3 g6 6. O-O Bg7 7. Be3 Nf6 8. c4 d6 9. Nc3 O-O 10. Rc1 Nbd7 11. Re1 d5 12. exd5 exd5 13. Bg5 h6 14. Bh4 Nc5 15. Bf1 dxc4 16. Bxc4 Bd7 17. Nd5 g5 18. Bg3 Nxd5 19. Bxd5 Ba4 20. Nb3 Nxb3 21. axb3 Bc6 22. Bxc6 Qxd1 23. Rexd1 bxc6 24. Rxc6 Rfd8 25. Rdd6 Rxd6 26. Bxd6 Re8 27. Kf1 Re6 28. Rc8+ Kh7 29. Ba3 g4 30. Rc4 h5 31. h3 gxh3 32. gxh3 Kg6 33. Kg2 Bf6 34. Kf3 Bg7 35. b4 Rd6 36. Ke3 Bh6+ 37. Ke4 Bg7 38. Rc7 f5+ 39. Kf4 Rd4+ 40. Ke3 f4+ 41. Ke2 Re4+ 42. Kf3 Rd4 43. Rb7 Be5 44. b5 axb5 45. Rxb5 Kf6 46. Ke2 Re4+ 47. Kf3 Rd4 48. Bc5 Rd1 49. Ke4 Re1+ 50. Kd3 Rd1+ 51. Ke2 Rh1 52. Kf3 Ke6 53. b4 Rc1 54. Ke4 Rc4+ 55. Kd3 Rc3+ 56. Ke2 Rxh3 57. f3 Rh1 58. Rb7 Rc1 59. Rh7 Rc2+ 60. Kd3 Rc3+ 61. Ke2 Rc2+ 62. Kd3 1/2-1/2

[Event "Moscow 5'"]
[Site "Moscow RUS"]
[Date "1972.??.??"]
[Round "?"]
[White "Tukmakov, Vladimir B"]
[Black "Vasiukov, Evgeni A"]
[Result "1-0"]
[WhiteElo "2560"]
[BlackElo "2575"]
[PlyCount "113"]
[EventDate "1972.??.??"]
[Source "www.chesslib.no"]
[SourceDate "2004.05.04"]

1. e4 c5 2. Nf3 e6 3. d4 cxd4 4. Nxd4 a6 5. Bd3 g6 6. O-O Bg7 7. Be3 Nf6 8. c4 d6 9. Nc3 O-O 10. Be2 b6 11. Qd2 Bb7 12. f3 Nbd7 13. Rfd1 Rc8 14. Nc2 Ne8 15. Bd4 Bxd4+ 16. Qxd4 Qc7 17. Kh1 Qc5 18. Qd2 Ne5 19. Ne3 f5 20. exf5 gxf5 21. Na4 Qc6 22. b3 f4 23. Nc2 Rf6 24. Nb4 Qc7 25. Qd4 Nd7 26. Nc3 Nc5 27. Nd3 Qg7 28. Rac1 e5 29. Qf2 Nc7 30. b4 Nd7 31. Na4 Na8 32. c5 b5 33. Nc3 d5 34. a4 Nc7 35. axb5 axb5 36. Nb2 Bc6 37. Bd3 Rcf8 38. Bb1 Kh8 39. Ba2 d4 40. Ne2 Rh6 41. Nd3 Qg5 42. Re1 Qh5 43. h3 Nf6 44. Ng1 Re8 45. Re2 Nfd5 46. Nxe5 Rxe5 47. Qxd4 Ne3 48. Qxf4 Qf5 49. Qxf5 Nxf5 50. Rxe5 Ng3+ 51. Kh2 Nh5 52. Re7 Nd5 53. Bxd5 Bxd5 54. c6 Rxc6 55. Rxc6 Bxc6 56. Re5 Nf6 57. Re6 1-0

[Event "Istanbul ol (Men)"]
[Site "Istanbul"]
[Date "2000.11.09"]
[Round "12"]
[White "Nijboer, Friso"]
[Black "Eingorn, Vereslav S"]
[Result "1/2-1/2"]
[WhiteElo "2537"]
[BlackElo "2586"]
[PlyCount "126"]
[EventDate "2000.10.??"]
[Source "www.chesslib.no"]
[SourceDate "2004.05.04"]

1. e4 c5 2. Nf3 e6 3. d4 cxd4 4. Nxd4 a6 5. Bd3 g6 6. O-O Bg7 7. c3 d6 8. Na3 Nf6 9. Bg5 O-O 10. Qd2 Nbd7 11. Rfe1 Qc7 12. Nf3 b6 13. Rad1 Bb7 14. Qf4 Rfe8 15. Bc4 Nxe4 16. Rxe4 Bxe4 17. Qxe4 d5 18. Qf4 Ne5 19. Bb3 f6 20. Bxf6 Nxf3+ 21. Qxf3 Rf8 22. Bxd5 exd5 23. Qxd5+ Qf7 24. Qxf7+ Rxf7 25. Bxg7 Kxg7 26. Nc2 Raa7 27. f3 Rad7 28. Nd4 Rfe7 29. Kf2 Kf6 30. h4 h5 31. a3 b5 32. Rd2 Re5 33. Rc2 Re8 34. Rc1 Re5 35. Rd1 Re8 36. Rf1 Kg7 37. Rg1 Rd5 38. Rh1 Rd7 39. Ra1 Rd5 40. Rc1 Rd7 41. Rc2 Kf6 42. b4 Kg7 43. Nb3 Rd1 44. Nc5 Ra1 45. Nxa6 Rxa3 46. Nc7 Re5 47. f4 Rf5 48. Ke3 Kf7 49. Ke4 Ra7 50. Nd5 Rd7 51. Ne3 Rf6 52. f5 Re7+ 53. Kf3 Rd6 54. Kf4 Rd3 55. fxg6+ Kxg6 56. Nf5 Rc7 57. Ra2 Rf7 58. g4 hxg4 59. Ra6+ Kh7 60. Rh6+ Kg8 61. Rg6+ Kh7 62. Rh6+ Kg8 63. Rg6+ Kh7 1/2-1/2

[Event "Elista ol (Men)"]
[Site "Elista"]
[Date "1998.10.12"]
[Round "13"]
[White "Stefansson, Hannes"]
[Black "Bologan, Viktor"]
[Result "1-0"]
[WhiteElo "2535"]
[BlackElo "2585"]
[PlyCount "131"]
[EventDate "1998.09.29"]
[Source "ChessBase"]
[SourceDate "1998.11.06"]

1. e4 c5 2. Nf3 e6 3. d4 cxd4 4. Nxd4 a6 5. Bd3 g6 6. c4 Bg7 7. Nb3 Ne7 8. Nc3 Nbc6 9. Be2 Qc7 10. O-O O-O 11. Be3 f5 12. Qd2 fxe4 13. Nxe4 d5 14. cxd5 exd5 15. Nec5 Ne5 16. Bf4 Nf3+ 17. Bxf3 Qxf4 18. Bxd5+ Nxd5 19. Qxd5+ Qf7 20. Qd2 Bf5 21. Rad1 b6 22. Na4 b5 23. Nac5 Rfc8 24. Rfe1 a5 25. Ne4 Bxe4 26. Rxe4 a4 27. Nc1 Rc4 28. Rxc4 bxc4 29. Ne2 a3 30. bxa3 Rxa3 31. Qd8+ Bf8 32. Nc1 Qf5 33. Qd4 Qe6 34. Kf1 Ra5 35. Re1 Qc6 36. Ne2 Rg5 37. f3 Rd5 38. Qe4 Rc5 39. Nc3 Bg7 40. Rc1 Bxc3 41. Rxc3 Qd6 42. h4 Qd1+ 43. Qe1 Qxe1+ 44. Kxe1 Ra5 45. Rc2 h5 46. Kf2 Ra3 47. Kg3 Kf7 48. Kf4 Ke6 49. Kg5 Kf7 50. Kf4 Kf6 51. Ke4 Ra4 52. Kd5 Kf5 53. Kc5 Ra8 54. Kb5 Kf4 55. a4 Kg3 56. a5 Kxh4 57. Rxc4+ Kg3 58. Rc2 Rb8+ 59. Ka4 Ra8 60. Ra2 h4 61. Kb5 Rb8+ 62. Kc6 Ra8 63. Kd5 g5 64. a6 Ra7 65. Ke4 g4 66. fxg4 1-0

[Event "Israel"]
[Site "?"]
[Date "1992.??.??"]
[Round "?"]
[White "Psakhis, L."]
[Black "Gofshtein, L."]
[Result "1-0"]
[WhiteElo "2605"]
[BlackElo "2485"]
[PlyCount "94"]
[EventDate "1992.??.??"]
[Source "ChessBase"]
[SourceDate "1992.02.01"]

1. e4 c5 2. Nf3 e6 3. d4 cxd4 4. Nxd4 a6 5. Bd3 g6 6. Nc3 Bg7 7. Nb3 Ne7 8. Be2 Nbc6 9. Be3 d5 10. exd5 Bxc3+ 11. bxc3 Nxd5 12. Bh6 Qf6 13. Qd2 Rg8 14. c4 Nc3 15. Bf3 g5 16. Bxc6+ bxc6 17. O-O Ra7 18. Nc5 Rg6 19. f4 Rxh6 20. fxg5 Qe5 21. gxh6 Qxc5+ 22. Kh1 Ne4 23. Qf4 f5 24. Qb8 Kd8 25. Rad1+ Rd7 26. Rxd7+ Kxd7 27. Rd1+ Nd6 28. Qb3 Qe5 29. Qb6 Ke7 30. Qa7+ Nb7 31. Qxa6 Qe2 32. Qa3+ c5 33. Qd3 Qe4 34. a4 Qxd3 35. cxd3 Kd6 36. Rb1 f4 37. g4 Ke5 38. Rb6 Bd7 39. Kg1 Na5 40. Ra6 Nc6 41. a5 Kd4 42. g5 Ne5 43. g6 Nxg6 44. Rd6+ Ke3 45. Rxd7 Ne5 46. Rxh7 Nf3+ 47. Kh1 Ng5 1-0

[Event "Pozega"]
[Site "?"]
[Date "2000.??.??"]
[Round "3"]
[White "Palac Mladen"]
[Black "Horvath Csaba"]
[Result "1-0"]
[WhiteElo "2570"]
[BlackElo "2519"]
[PlyCount "89"]
[EventDate "2000.??.??"]
[Source "www.chesslib.no"]
[SourceDate "2004.05.04"]

1. e4 c5 2. Nf3 e6 3. d4 cxd4 4. Nxd4 a6 5. Bd3 g6 6. c4 Bg7 7. Be3 d5 8. exd5 exd5 9. Nc3 Nf6 10. cxd5 Nxd5 11. Nxd5 Qxd5 12. O-O O-O 13. Bc2 Nc6 14. Bb3 Qe5 15. Nxc6 bxc6 16. Rc1 Bf5 17. Rxc6 Qxb2 18. Re1 a5 19. Rc7 Rac8 20. Rxc8 Rxc8 21. g4 Be4 22. Bxf7+ Kh8 23. Qd7 Rb8 24. Bd2 Qe5 25. Qa4 Qf6 26. Rxe4 Qxf7 27. Bxa5 h5 28. h3 Kh7 29. Qc4 Qf3 30. Re3 Rb1+ 31. Be1 Qd1 32. Re7 Qf3 33. Re3 Qd1 34. Kg2 Rb7 35. Re6 hxg4 36. hxg4 Bd4 37. Re4 Rd7 38. a4 Bg7 39. a5 Rd4 40. Rxd4 Bxd4 41. Qe6 Kh6 42. a6 Qd3 43. Qd5 Qd1 44. g5+ Kh7 45. Qd7+ 1-0

[Event "JUG"]
[Site "?"]
[Date "1980.??.??"]
[Round "?"]
[White "Ljubojevic, Ljubomir"]
[Black "Rajkovic, Dusan"]
[Result "1-0"]
[WhiteElo "2590"]
[BlackElo "2495"]
[PlyCount "72"]
[EventDate "1980.??.??"]
[Source "www.chesslib.no"]
[SourceDate "2004.05.04"]

1. e4 c5 2. Nf3 e6 3. d4 cxd4 4. Nxd4 a6 5. Bd3 g6 6. c4 Bg7 7. Nb3 d6 8. Nc3 Nf6 9. Bf4 O-O 10. Be2 e5 11. Be3 Be6 12. Rc1 Nc6 13. O-O Rc8 14. f3 Nd4 15. Nxd4 exd4 16. Bxd4 Bxc4 17. b3 Bxe2 18. Qxe2 Nh5 19. Bxg7 Kxg7 20. Nd5 Rxc1 21. Qb2+ Kh6 22. Qxc1+ g5 23. Qd2 f6 24. Rd1 Ng7 25. Ne3 Qb6 26. Kh1 Rc8 27. Nc4 Qc6 28. Nxd6 Rc7 29. h4 Kg6 30. hxg5 fxg5 31. Nc4 Qf6 32. Qa5 Re7 33. Rd6 Ne6 34. Qd5 Kg7 35. Ne3 Kf7 36. Nf5 Re8 1-0

[Event "URS-ch46"]
[Site "Tbilisi"]
[Date "1978.??.??"]
[Round "?"]
[White "Giorgadze, Tamaz"]
[Black "Dorfman, Josif D"]
[Result "1/2-1/2"]
[WhiteElo "2535"]
[BlackElo "2550"]
[PlyCount "59"]
[EventDate "1978.12.??"]
[Source "ChessBase"]

1. e4 c5 2. Nf3 e6 3. d4 cxd4 4. Nxd4 a6 5. Bd3 g6 6. O-O Bg7 7. Be3 Nf6 8. Nc3 d6 9. h3 O-O 10. Qd2 b5 11. a4 b4 12. Nce2 e5 13. Nf3 Nc6 14. Ng3 Bb7 15. Rad1 Qa5 16. Bh6 Ne7 17. Qg5 Qc7 18. Qh4 Bxh6 19. Qxh6 Kh8 20. b3 Neg8 21. Qe3 Rad8 22. Qe2 a5 23. Bb5 Bc6 24. Rd2 Bxb5 25. Qxb5 Ne7 26. Rfd1 Nc8 27. Nh2 h5 28. Nf3 Kg7 29. Qe2 Kh8 30. Nf1 1/2-1/2

[Event "Velden op"]
[Site "Velden"]
[Date "1996.??.??"]
[Round "6"]
[White "Anagnostopoulos, Dimitri"]
[Black "Landa, Konstantin"]
[Result "1/2-1/2"]
[WhiteElo "2515"]
[BlackElo "2570"]
[PlyCount "42"]
[EventDate "1996.06.??"]
[Source "www.chesslib.no"]
[SourceDate "2004.05.04"]

1. e4 c5 2. Nf3 e6 3. d4 cxd4 4. Nxd4 a6 5. Bd3 g6 6. Nc3 Bg7 7. Be3 Ne7 8. O-O d5 9. exd5 Nxd5 10. Nxd5 Qxd5 11. Be2 O-O 12. Bf3 Qc4 13. c3 Nd7 14. Qb3 Ne5 15. Be2 Qc7 16. Rfd1 h5 17. h3 Rb8 18. a4 b6 19. Nf3 Nxf3+ 20. Bxf3 Bb7 21. Bxb7 Rxb7 1/2-1/2

[Event "LTU-ch"]
[Site "Kaunas"]
[Date "2001.05.12"]
[Round "3"]
[White "Sulskis, Sarunas"]
[Black "Ruzele, Darius"]
[Result "1/2-1/2"]
[WhiteElo "2530"]
[BlackElo "2550"]
[PlyCount "53"]
[EventDate "2001.05.10"]
[Source "ChessBase"]
[SourceDate "2001.07.03"]

1. e4 c5 2. Nf3 e6 3. d4 cxd4 4. Nxd4 a6 5. Bd3 g6 6. c4 Bg7 7. Nf3 Ne7 8. Nc3 O-O 9. O-O Nbc6 10. Bf4 d5 11. exd5 exd5 12. c5 Bg4 13. h3 Bxf3 14. Qxf3 Ne5 15. Qg3 N7c6 16. Rad1 d4 17. Na4 Qa5 18. b3 Nxd3 19. Qxd3 Rad8 20. Qg3 Rde8 21. Bd6 Be5 22. Bxe5 Rxe5 23. Rxd4 Rxc5 24. Nxc5 Nxd4 25. Qd6 Nf5 26. Nxb7 Qxa2 27. Qd5 1/2-1/2

[Event "Reykjavik zt"]
[Site "Reykjavik ISL"]
[Date "1975.??.??"]
[Round "15"]
[White "Jansa, Vlastimil"]
[Black "Olafsson, Fridrik"]
[Result "1/2-1/2"]
[WhiteElo "2540"]
[BlackElo "2535"]
[PlyCount "99"]
[EventDate "1975.??.??"]
[Source "www.chesslib.no"]
[SourceDate "2004.05.04"]

1. e4 c5 2. Nf3 e6 3. d4 cxd4 4. Nxd4 a6 5. Bd3 g6 6. c4 Bg7 7. Be3 Ne7 8. Nc3 d5 9. exd5 exd5 10. O-O O-O 11. Re1 h6 12. Rc1 Nd7 13. cxd5 Nf6 14. Nb3 Nexd5 15. Nxd5 Qxd5 16. Bc5 Rd8 17. Bc4 Qxd1 18. Rcxd1 Bf5 19. f3 b5 20. Bf1 Be6 21. Bb6 Rxd1 22. Rxd1 Nd5 23. Bd4 Nb4 24. Bxg7 Kxg7 25. Rd4 Nxa2 26. Nc5 Kf6 27. Bd3 Nc1 28. Nxe6 Kxe6 29. Re4+ Kf6 30. Rf4+ Kg7 31. Rd4 Rc8 32. Bf1 Nb3 33. Rd6 Rc1 34. Kf2 Rc2+ 35. Ke3 Rxb2 36. Rxa6 Nc5 37. Rc6 Ne6 38. Rb6 b4 39. h4 b3 40. Bc4 Nc5 41. Rb5 Nd7 42. g4 Rc2 43. Bxb3 Rc3+ 44. Kf4 Nc5 45. Bd5 Nd3+ 46. Kg3 g5 47. hxg5 hxg5 48. Rb7 Ne5 49. Be4 Ra3 50. Rb5 1/2-1/2

[Event "Bank Pocztowy op-A"]
[Site "Bydgoszcz"]
[Date "2001.04.30"]
[Round "4"]
[White "Jaracz, Pawel"]
[Black "Eingorn, Vereslav S"]
[Result "0-1"]
[WhiteElo "2484"]
[BlackElo "2589"]
[PlyCount "50"]
[EventDate "2001.04.27"]
[Source "ChessBase"]
[SourceDate "2001.07.03"]

1. e4 c5 2. Nf3 e6 3. d4 cxd4 4. Nxd4 a6 5. Bd3 g6 6. Nc3 Bg7 7. Nb3 Nc6 8. Bf4 d6 9. Qd2 Nf6 10. Be2 d5 11. exd5 exd5 12. Bh6 O-O 13. Bxg7 Kxg7 14. Rd1 Re8 15. O-O h5 16. Bf3 Bg4 17. Bxg4 hxg4 18. Nxd5 Nxd5 19. Qxd5 Qf6 20. c3 Rad8 21. Qc4 Ne5 22. Qc7 Rxd1 23. Rxd1 Qf4 24. Qxb7 Nf3+ 25. gxf3 gxf3 0-1

[Event "Dos Hermanas on line Qualifier"]
[Site "Internet ICC"]
[Date "2000.03.19"]
[Round "3.2"]
[White "Socko, Bartosz"]
[Black "Tyomkin, Dimitri"]
[Result "0-1"]
[WhiteElo "2556"]
[BlackElo "2516"]
[PlyCount "56"]
[EventDate "2000.03.18"]
[Source "www.chesslib.no"]
[SourceDate "2004.05.04"]

1. e4 c5 2. Nf3 e6 3. d4 cxd4 4. Nxd4 a6 5. Bd3 g6 6. O-O Bg7 7. c3 d6 8. Be3 Nf6 9. h3 O-O 10. Nd2 Nbd7 11. f4 e5 12. Ne2 exf4 13. Nxf4 Ne5 14. Nf3 Nxd3 15. Qxd3 Re8 16. Nd5 Nxd5 17. exd5 Bf5 18. Qd2 Qa5 19. Ng5 Re5 20. g4 Rae8 21. Rae1 Bd7 22. Rxf7 Bh6 23. Rxd7 Bxg5 24. Qf2 Qxd5 25. Bd4 Rxe1+ 26. Kh2 Qh1+ 27. Kg3 R1e3+ 28. Bxe3 Rxe3+ 0-1

[Event "Bad Zwesten GER"]
[Site "?"]
[Date "2001.01.04"]
[Round "4"]
[White "Naiditsch Arkadij"]
[Black "Kengis Edvins"]
[Result "0-1"]
[WhiteElo "2484"]
[BlackElo "2586"]
[PlyCount "56"]
[EventDate "2001.??.??"]
[Source "www.chesslib.no"]
[SourceDate "2004.05.04"]

1. e4 c5 2. Nf3 e6 3. d4 cxd4 4. Nxd4 a6 5. Bd3 g6 6. c4 Bg7 7. Ne2 Nc6 8. O-O Nf6 9. Nbc3 O-O 10. Bg5 Qa5 11. Qd2 Ne5 12. f4 Nxd3 13. Qxd3 b5 14. cxb5 Qb6+ 15. Kh1 axb5 16. Qh3 Bb7 17. Ng3 b4 18. e5 Ng4 19. Qxg4 bxc3 20. bxc3 Qb2 21. Qh3 Rxa2 22. Rxa2 Qxa2 23. Bf6 Bxf6 24. exf6 Qd2 25. f5 Rc8 26. fxe6 dxe6 27. Rg1 Rxc3 28. Nf1 Qd4 0-1

[Event "Heart of Finland Open, Jyvaskyla FIN"]
[Site "?"]
[Date "2001.??.??"]
[Round "8"]
[White "Rytshagov, M."]
[Black "Kengis, E."]
[Result "1/2-1/2"]
[WhiteElo "2500"]
[BlackElo "2570"]
[PlyCount "98"]
[EventDate "2001.??.??"]
[Source "www.chesslib.no"]
[SourceDate "2004.05.04"]

1. e4 c5 2. Nf3 e6 3. d4 cxd4 4. Nxd4 a6 5. Bd3 g6 6. O-O Bg7 7. Be3 Ne7 8. c4 d5 9. exd5 exd5 10. Nc3 dxc4 11. Bxc4 O-O 12. Re1 Nf5 13. Nxf5 Bxf5 14. Bc5 Qxd1 15. Raxd1 Bxc3 16. bxc3 Rc8 17. Bd4 Nc6 18. Bf6 Re8 19. f3 Rxe1+ 20. Rxe1 Na5 21. Bd5 Be6 22. c4 Kf8 23. Bc3 Bxd5 24. cxd5 Nc4 25. Bb4+ Kg7 26. Re7 Rd8 27. Bc3+ Kf8 28. Rxb7 Rxd5 29. Bf6 Nd6 30. Ra7 Ke8 31. Re7+ Kf8 32. Ra7 Ke8 33. Rxa6 Kd7 34. g4 Rd2 35. Bc3 Rc2 36. Be1 Nb5 37. Bf2 Nc3 38. a4 Ne2+ 39. Kf1 Nf4 40. Bg3 Ne6 41. Ra7+ Ke8 42. a5 Ra2 43. a6 Ra1+ 44. Ke2 Ra2+ 45. Kd1 Nd4 46. g5 Nc6 47. Ra8+ Kd7 48. Ke1 Nd4 49. a7 Nxf3+ 1/2-1/2

[Event "Budapest FS12 GM-A"]
[Site "Budapest"]
[Date "2001.12.09"]
[Round "9"]
[White "Cao Sang"]
[Black "Horvath, Jozsef"]
[Result "1-0"]
[WhiteElo "2507"]
[BlackElo "2551"]
[PlyCount "79"]
[EventDate "2001.11.01"]
[Source "ChessBase"]
[SourceDate "2002.03.21"]

1. e4 c5 2. Nf3 e6 3. d4 cxd4 4. Nxd4 a6 5. Bd3 g6 6. O-O Bg7 7. c3 Ne7 8. Nd2 O-O 9. N2f3 e5 10. Nc2 d5 11. exd5 Nxd5 12. Bg5 f6 13. Bc4 Be6 14. Ne3 Nc7 15. Bxe6+ Nxe6 16. Qb3 Qe8 17. Nd5 Qb5 18. Nb6 Qxb3 19. axb3 fxg5 20. Nxa8 e4 21. Ne1 Nd7 22. Rd1 Ndc5 23. Nb6 Nxb3 24. Nc2 Nf4 25. f3 exf3 26. Rxf3 g4 27. Re3 Bh6 28. Nd7 Rf7 29. Ne5 Re7 30. Ree1 Bg5 31. g3 Nh3+ 32. Kg2 Bd2 33. Re2 Ng5 34. Nd4 Nxd4 35. cxd4 Bb4 36. Rc2 h5 37. Nxg6 Re4 38. Nf4 h4 39. gxh4 Nf3 40. Nd5 1-0

[Event "Mind Sports Games - Blitz Ind"]
[Site "Pechino CINA"]
[Date "2008.10.04"]
[Round "8"]
[White "Socko, B."]
[Black "Livshits, G."]
[Result "1-0"]
[WhiteElo "2631"]
[BlackElo "2427"]
[PlyCount "104"]
[EventDate "2008.10.04"]
[Source "www.chesslib.no"]
[SourceDate "2004.05.04"]

1. e4 c5 2. Nf3 e6 3. d4 cxd4 4. Nxd4 a6 5. Bd3 g6 6. Be3 Bg7 7. Nd2 Ne7 8. f4 Nbc6 9. N2f3 O-O 10. Qd2 b5 11. O-O-O Bb7 12. Rhe1 d6 13. Kb1 Qa5 14. Qf2 Nb4 15. a3 Nxd3 16. cxd3 b4 17. Bd2 Qb6 18. Be3 bxa3 19. Nxe6 Qb4 20. Nxg7 Kxg7 21. Bd4+ Kg8 22. Bc3 Qb3 23. Nd4 Qb6 24. Qc2 Rab8 25. Qb3 Qxb3 26. Nxb3 Bc6 27. Nd4 Ba4 28. Rd2 Rfc8 29. Rc1 Nc6 30. Nxc6 Rxc6 31. Ka2 Bb3+ 32. Kxa3 Be6 33. b4 a5 34. Rb2 axb4+ 35. Rxb4 Ra6+ 36. Kb2 Ra2+ 37. Kb1 Rba8 38. Bb2 R2a5 39. Rc6 d5 40. Rcb6 dxe4 41. Rb8+ Bc8 42. dxe4 h5 43. h4 Kh7 44. Rxa8 Rxa8 45. Kc2 Be6 46. Kd3 Rd8+ 47. Ke3 Re8 48. g3 Bd5 49. Be5 Be6 50. Rb7 Rc8 51. f5 gxf5 52. exf5 Bd5 1-0

[Event "Balatonbereny"]
[Site "Balatonbereny"]
[Date "1995.??.??"]
[Round "4"]
[White "Fogarasi, Tibor"]
[Black "Nikolaidis, Ioannis"]
[Result "1/2-1/2"]
[WhiteElo "2515"]
[BlackElo "2540"]
[PlyCount "45"]
[EventDate "1995.08.??"]
[Source "ChessBase"]

1. e4 c5 2. Nf3 e6 3. d4 cxd4 4. Nxd4 a6 5. Bd3 g6 6. O-O Bg7 7. Nb3 Ne7 8. f4 d6 9. Kh1 Nbc6 10. a4 b6 11. c3 f6 12. Be3 d5 13. N1d2 O-O 14. Qe2 Qc7 15. Nd4 Nxd4 16. Bxd4 Nc6 17. exd5 Nxd4 18. cxd4 exd5 19. f5 g5 20. Rac1 Qd6 21. Rfe1 Ra7 22. Nf1 Rd8 23. Qd2 1/2-1/2

[Event "IV Campionato UE"]
[Site "Liverpool ING"]
[Date "2008.09.14"]
[Round "6"]
[White "Kotronias, V."]
[Black "Davies, Ni"]
[Result "1/2-1/2"]
[WhiteElo "2574"]
[BlackElo "2478"]
[PlyCount "75"]
[EventDate "2008.09.09"]
[Source "www.chesslib.no"]
[SourceDate "2004.05.04"]

1. e4 c5 2. Nf3 e6 3. d4 cxd4 4. Nxd4 a6 5. Bd3 g6 6. O-O Bg7 7. Be3 Nf6 8. c4 d6 9. Nc3 O-O 10. Rc1 Nbd7 11. f3 d5 12. exd5 exd5 13. Qd2 dxc4 14. Bxc4 Ne5 15. Bb3 Bd7 16. Rfd1 Rc8 17. Qf2 Qa5 18. Nc2 Nc4 19. Bxc4 Rxc4 20. Bd4 Be6 21. Ne3 Rc6 22. Qh4 g5 23. Qf2 Rd8 24. Nf1 Rd7 25. Be3 h6 26. h4 g4 27. Rxd7 Nxd7 28. f4 Qh5 29. Rd1 f5 30. Bd4 Bf8 31. Ne3 Qf7 32. a3 Rd6 33. b4 Nb8 34. Bc5 Rxd1+ 35. Nexd1 Bg7 36. Bd4 Bf8 37. Bc5 Bg7 38. Bd4 1/2-1/2

[Event "Memorial Keres A"]
[Site "Tallinn EST"]
[Date "2007.01.10"]
[Round "6"]
[White "Sulskis, S."]
[Black "Kulaots, K."]
[Result "1-0"]
[WhiteElo "2525"]
[BlackElo "2525"]
[PlyCount "61"]
[EventDate "2007.01.06"]
[Source "www.chesslib.no"]
[SourceDate "2004.05.04"]

1. e4 c5 2. Nf3 e6 3. d4 cxd4 4. Nxd4 a6 5. Bd3 g6 6. c4 Bg7 7. Be3 d5 8. exd5 exd5 9. Nc3 Nf6 10. O-O O-O 11. cxd5 Nxd5 12. Nxd5 Qxd5 13. Rc1 Nd7 14. Bc4 Qa5 15. Ne6 fxe6 16. Bxe6+ Kh8 17. Bxd7 Bxd7 18. Qxd7 Qxa2 19. Rc7 Qxb2 20. Rd1 Rae8 21. h3 Rxe3 22. fxe3 b5 23. Rc8 Qf2+ 24. Kh1 b4 25. Qe6 a5 26. Rdd8 Rxd8 27. Rxd8+ Bf8 28. Ra8 b3 29. Qxb3 Kg7 30. Rd8 a4 31. Rd7+ 1-0

[Event "Clichy"]
[Site "Clichy FRA"]
[Date "1993.??.??"]
[Round "8"]
[White "Apicella, Manuel"]
[Black "Sokolov, Andrei"]
[Result "0-1"]
[WhiteElo "2495"]
[BlackElo "2555"]
[PlyCount "72"]
[EventDate "1993.??.??"]
[Source "www.chesslib.no"]
[SourceDate "2004.05.04"]

1. e4 c5 2. Nf3 e6 3. d4 cxd4 4. Nxd4 a6 5. Bd3 g6 6. O-O Bg7 7. Be3 Ne7 8. c4 O-O 9. Nc3 b6 10. Qb3 d6 11. Rfd1 Nd7 12. Bf1 Bb7 13. f3 Rc8 14. Rd2 d5 15. cxd5 exd5 16. exd5 Nc5 17. Qd1 Nxd5 18. Nxd5 Qxd5 19. Ne2 Qe5 20. Bf4 Qf6 21. Rc1 a5 22. b3 Ba6 23. Bd6 Rfe8 24. f4 Nd3 25. Rxc8 Rxc8 26. Ba3 Rd8 27. h3 g5 28. Kh2 Rd5 29. Nc1 Nf2 30. Qe1 Qxf4+ 31. Kg1 Be5 32. Bxa6 Rxd2 33. Ne2 Qe3 34. Kf1 Rd1 35. Bc1 Rxe1+ 36. Kxe1 Nd3+ 0-1

[Event "RUS-ch KO"]
[Site "Moscow"]
[Date "1999.12.18"]
[Round "2.4"]
[White "Lastin, Alexander"]
[Black "Shaposhnikov, Evgeny"]
[Result "1-0"]
[WhiteElo "2552"]
[BlackElo "2494"]
[PlyCount "117"]
[EventDate "1999.12.04"]
[Source "ChessBase"]
[SourceDate "2000.04.05"]

1. e4 c5 2. Nf3 e6 3. d4 cxd4 4. Nxd4 a6 5. Bd3 g6 6. O-O Bg7 7. Be3 d6 8. c4 Nf6 9. Nc3 O-O 10. Be2 Nbd7 11. Qd2 Qc7 12. Rfd1 Ne5 13. b3 Neg4 14. Bg5 d5 15. Bxg4 Nxg4 16. Bf4 e5 17. Bg3 dxe4 18. h3 Nf6 19. Nde2 Bf5 20. Bh4 Qc6 21. Qe3 Rad8 22. Bxf6 Qxf6 23. Nxe4 Qc6 24. N4c3 Be6 25. Qg5 f6 26. Qh4 h6 27. Qg3 Kh7 28. f4 f5 29. Qe3 Qc7 30. Rac1 Rfe8 31. Qf2 Bf8 32. Nd5 Bxd5 33. cxd5 Qd6 34. Rc4 Bg7 35. g3 Rd7 36. a4 Rde7 37. Rd2 exf4 38. Nxf4 Be5 39. Ne2 Bf6 40. Kg2 Re4 41. Nf4 Bg5 42. Qc5 Bxf4 43. gxf4 Qxf4 44. Qc7+ Qxc7 45. Rxc7+ Kg8 46. d6 Re2+ 47. Rxe2 Rxe2+ 48. Kf3 Rd2 49. d7 Kf8 50. Ke3 Rd6 51. Rxb7 Ke7 52. Ra7 Rb6 53. Kd4 Rxb3 54. Kd5 Rd3+ 55. Kc6 Rd6+ 56. Kc5 Rxd7 57. Rxa6 g5 58. Rxh6 Rd3 59. Rg6 1-0

[Event "CRO-chT"]
[Site "Pula"]
[Date "1999.09.11"]
[Round "3"]
[White "Varga, Zoltan"]
[Black "Rogic, Davor"]
[Result "1/2-1/2"]
[WhiteElo "2541"]
[BlackElo "2505"]
[PlyCount "86"]
[EventDate "1999.09.05"]
[Source "www.chesslib.no"]
[SourceDate "2004.05.04"]

1. e4 c5 2. Nf3 e6 3. d4 cxd4 4. Nxd4 a6 5. Bd3 g6 6. c4 Bg7 7. Nf3 Ne7 8. O-O O-O 9. Nc3 Nbc6 10. Bg5 h6 11. Bh4 d6 12. Be2 f5 13. exf5 g5 14. Bg3 Nxf5 15. Bd3 d5 16. Bxf5 Rxf5 17. cxd5 exd5 18. Re1 d4 19. Qb3+ Kh8 20. Rad1 Bd7 21. Ne4 Rb5 22. Qa3 Qa5 23. Nd6 Qxa3 24. bxa3 Rc5 25. Nxb7 Rc2 26. h4 gxh4 27. Nxh4 Kh7 28. Nf3 Re8 29. Rxe8 Bxe8 30. Rd2 Rc3 31. Bd6 Bg6 32. Nc5 Na5 33. Re2 Nc4 34. Bf4 d3 35. Re7 d2 36. Nxd2 Nxd2 37. Rxg7+ Kxg7 38. Be5+ Kg8 39. Bxc3 Ne4 40. Nxe4 Bxe4 41. a4 h5 42. f3 Bb1 43. a3 Kf7 1/2-1/2